[Event "2nd Easter 4NCL Congress"]
[Site "Daventry"]
[Date "2022.04.15"]
[Round "1"]
[Board "4"]
[White "Gardiner, Eric D"]
[Black "Arkell, Keith C"]
[Result "0-1"]
[WhiteElo "2063"]
[BlackElo "2462"]
[PlyCount "0"]
[EventDate "2022.04.15"]
[EventRounds "7"]
[EventCountry "ENG"]

1. e4 {[%clk 01:30:55]} {[%emt 00:00:03]} c6 {[%clk 01:30:54]} {[%emt
00:00:07]} 2. Nc3 {[%clk 01:31:17]} {[%emt 00:00:09]} d5 {[%clk 01:31:19]}
{[%emt 00:00:04]} 3. Nf3 {[%clk 01:31:39]} {[%emt 00:00:07]} Bg4 {[%clk
01:31:44]} {[%emt 00:00:05]} 4. h3 {[%clk 01:31:58]} {[%emt 00:00:12]} Bxf3
{[%clk 01:32:10]} {[%emt 00:00:04]} 5. Qxf3 {[%clk 01:32:16]} {[%emt 00:00:12]}
Nf6 {[%clk 01:32:30]} {[%emt 00:00:10]} 6. Be2 {[%clk 01:27:16]} {[%emt
00:05:30]} dxe4 {[%clk 01:32:53]} {[%emt 00:00:07]} 7. Nxe4 {[%clk 01:27:23]}
{[%emt 00:00:23]} Nxe4 {[%clk 01:33:18]} {[%emt 00:00:05]} 8. Qxe4 {[%clk
01:27:39]} {[%emt 00:00:13]} Nd7 {[%clk 01:33:44]} {[%emt 00:00:05]} 9. d4
{[%clk 01:21:12]} {[%emt 00:06:57]} Nf6 {[%clk 01:34:08]} {[%emt 00:00:06]} 10.
Qh4 {[%clk 01:19:32]} {[%emt 00:02:09]} e6 {[%clk 01:34:32]} {[%emt 00:00:07]}
11. O-O {[%clk 01:18:44]} {[%emt 00:01:17]} Be7 {[%clk 01:34:58]} {[%emt
00:00:05]} 12. c3 {[%clk 01:17:39]} {[%emt 00:01:35]} O-O {[%clk 01:35:12]}
{[%emt 00:00:15]} 13. Bg5 {[%clk 01:12:10]} {[%emt 00:06:00]} Nd5 {[%clk
01:35:18]} {[%emt 00:00:24]} 14. Bxe7 {[%clk 01:12:24]} {[%emt 00:00:16]} Qxe7
{[%clk 01:35:44]} {[%emt 00:00:04]} 15. Qxe7 {[%clk 01:08:48]} {[%emt
00:04:06]} Nxe7 {[%clk 01:36:10]} {[%emt 00:00:04]} 16. Bf3 {[%clk 01:07:10]}
{[%emt 00:02:08]} Rfd8 {[%clk 01:36:34]} {[%emt 00:00:05]} 17. Rfe1 {[%clk
01:02:13]} {[%emt 00:05:27]} g6 {[%clk 01:34:58]} {[%emt 00:02:07]} 18. g3
{[%clk 00:59:19]} {[%emt 00:03:23]} Rd7 {[%clk 01:35:14]} {[%emt 00:00:15]} 19.
h4 {[%clk 00:56:49]} {[%emt 00:02:59]} Rad8 {[%clk 01:35:30]} {[%emt 00:00:15]}
20. Re5 {[%clk 00:53:13]} {[%emt 00:04:05]} Nf5 {[%clk 01:35:06]} {[%emt
00:00:54]} 21. Kg2 {[%clk 00:43:29]} {[%emt 00:10:14]} Kg7 {[%clk 01:35:18]}
{[%emt 00:00:20]} 22. Be4 {[%clk 00:39:13]} {[%emt 00:04:45]} Nd6 {[%clk
01:35:34]} {[%emt 00:00:13]} 23. Bd3 {[%clk 00:39:01]} {[%emt 00:00:43]} b6
{[%clk 01:34:04]} {[%emt 00:02:01]} 24. b4 {[%clk 00:35:15]} {[%emt 00:04:15]}
Ne8 {[%clk 01:31:39]} {[%emt 00:02:55]} 25. a4 {[%clk 00:26:34]} {[%emt
00:09:11]} Nc7 {[%clk 01:28:52]} {[%emt 00:03:17]} 26. a5 {[%clk 00:23:34]}
{[%emt 00:03:30]} f6 {[%clk 01:26:35]} {[%emt 00:02:47]} 27. Re2 {[%clk
00:22:08]} {[%emt 00:01:55]} c5 {[%clk 01:17:57]} {[%emt 00:09:09]} 28. axb6
{[%clk 00:22:18]} {[%emt 00:00:21]} axb6 {[%clk 01:18:22]} {[%emt 00:00:04]} 29.
bxc5 {[%clk 00:21:58]} {[%emt 00:00:50]} bxc5 {[%clk 01:18:48]} {[%emt
00:00:04]} 30. Ra7 {[%clk 00:21:30]} {[%emt 00:00:57]} cxd4 {[%clk 01:18:47]}
{[%emt 00:00:33]} 31. cxd4 {[%clk 00:21:23]} {[%emt 00:00:36]} Kf7 {[%clk
01:12:27]} {[%emt 00:06:51]} 32. Rc2 {[%clk 00:21:04]} {[%emt 00:00:48]} Ne8
{[%clk 01:08:30]} {[%emt 00:04:27]} 33. Rxd7+ {[%clk 00:21:06]} {[%emt
00:00:27]} Rxd7 {[%clk 01:08:57]} {[%emt 00:00:04]} 34. Bb5 {[%clk 00:15:59]}
{[%emt 00:05:37]} Rxd4 {[%clk 01:08:44]} {[%emt 00:00:44]} 35. Rc8 {[%clk
00:10:56]} {[%emt 00:05:31]} Nd6 {[%clk 01:08:26]} {[%emt 00:00:50]} 36. Rc7+
{[%clk 00:11:14]} {[%emt 00:00:12]} Kf8 {[%clk 01:08:16]} {[%emt 00:00:39]} 37.
Ba6 {[%clk 00:06:40]} {[%emt 00:05:03]} h6 {[%clk 01:05:39]} {[%emt 00:03:08]}
38. Rd7 {[%clk 00:03:48]} {[%emt 00:03:21]} g5 {[%clk 01:05:27]} {[%emt
00:00:44]} 39. hxg5 {[%clk 00:03:43]} {[%emt 00:00:35]} hxg5 {[%clk 01:05:53]}
{[%emt 00:00:04]} 40. f3 {[%clk 00:02:40]} {[%emt 00:01:32]} Ke8 {[%clk
01:06:04]} {[%emt 00:00:19]} 41. Rc7 {[%clk 00:02:40]} {[%emt 00:00:30]} Nf5
{[%clk 01:02:55]} {[%emt 00:03:40]} 42. Kf2 {[%clk 00:01:29]} {[%emt 00:01:39]}
Rd2+ {[%clk 01:02:19]} {[%emt 00:01:07]} 43. Ke1 {[%clk 00:01:49]} {[%emt
00:00:10]} Rb2 {[%clk 01:01:52]} {[%emt 00:00:57]} 44. g4 {[%clk 00:02:01]}
{[%emt 00:00:18]} Nd4 {[%clk 00:56:35]} {[%emt 00:05:47]} 45. Bb7 {[%clk
00:01:08]} {[%emt 00:01:23]} Kf8 {[%clk 00:53:10]} {[%emt 00:03:56]} 46. Be4
{[%clk 00:01:05]} {[%emt 00:00:32]} Rb3 {[%clk 00:49:00]} {[%emt 00:04:40]} 47.
Kf2 {[%clk 00:01:23]} {[%emt 00:00:12]} Ra3 {[%clk 00:49:18]} {[%emt 00:00:13]}
48. Rb7 {[%clk 00:01:11]} {[%emt 00:00:41]} Rc3 {[%clk 00:47:09]} {[%emt
00:02:39]} 49. Ra7 {[%clk 00:01:23]} {[%emt 00:00:17]} Nb5 {[%clk 00:47:04]}
{[%emt 00:00:37]} 50. Rd7 {[%clk 00:01:10]} {[%emt 00:00:42]} Ke8 {[%clk
00:47:09]} {[%emt 00:00:26]} 51. Rd3 {[%clk 00:01:10]} {[%emt 00:00:28]} Rc7
{[%clk 00:46:48]} {[%emt 00:00:51]} 52. Rd2 {[%clk 00:01:01]} {[%emt 00:00:41]}
Ke7 {[%clk 00:47:12]} {[%emt 00:00:06]} 53. Ke3 {[%clk 00:00:57]} {[%emt
00:00:32]} Nd6 {[%clk 00:47:35]} {[%emt 00:00:07]} 54. Rc2 {[%clk 00:00:45]}
{[%emt 00:00:43]} Ra7 {[%clk 00:47:31]} {[%emt 00:00:35]} 55. Bd3 {[%clk
00:00:58]} {[%emt 00:00:16]} Nf7 {[%clk 00:46:46]} {[%emt 00:01:16]} 56. Rc3
{[%clk 00:00:44]} {[%emt 00:00:43]} Kd6 {[%clk 00:46:56]} {[%emt 00:00:20]} 57.
Rb3 {[%clk 00:01:02]} {[%emt 00:00:13]} Ne5 {[%clk 00:47:01]} {[%emt 00:00:25]}
58. Be4 {[%clk 00:01:02]} {[%emt 00:00:29]} Kc5 {[%clk 00:45:28]} {[%emt
00:02:03]} 59. Kf2 {[%clk 00:00:54]} {[%emt 00:00:38]} Nc4 {[%clk 00:45:22]}
{[%emt 00:00:36]} 60. Rb7 {[%clk 00:00:48]} {[%emt 00:00:36]} Ra2+ {[%clk
00:45:34]} {[%emt 00:00:19]} 61. Ke1 {[%clk 00:00:53]} {[%emt 00:00:24]} Nd6
{[%clk 00:41:50]} {[%emt 00:04:14]} 62. Rc7+ {[%clk 00:00:48]} {[%emt
00:00:36]} Kd4 {[%clk 00:42:06]} {[%emt 00:00:13]} 63. Bg6 {[%clk 00:00:48]}
{[%emt 00:00:29]} Nc4 {[%clk 00:36:45]} {[%emt 00:05:52]} 64. Rd7+ {[%clk
00:00:55]} {[%emt 00:00:24]} Ke5 {[%clk 00:37:07]} {[%emt 00:00:07]} 65. Rd3
{[%clk 00:01:01]} {[%emt 00:00:24]} Nb6 {[%clk 00:34:20]} {[%emt 00:03:17]} 66.
Rc3 {[%clk 00:00:40]} {[%emt 00:00:51]} Nd5 {[%clk 00:34:44]} {[%emt 00:00:06]}
67. Rc2 {[%clk 00:00:55]} {[%emt 00:00:15]} Rxc2 {[%clk 00:29:37]} {[%emt
00:05:37]} 68. Bxc2 {[%clk 00:01:20]} {[%emt 00:00:05]} Kf4 {[%clk 00:30:03]}
{[%emt 00:00:04]} 69. Kf2 {[%clk 00:01:28]} {[%emt 00:00:21]} Nc3 {[%clk
00:29:24]} {[%emt 00:01:10]} 70. Bd3 {[%clk 00:00:43]} {[%emt 00:01:15]} e5
{[%clk 00:29:40]} {[%emt 00:00:15]} 71. Bf5 {[%clk 00:00:44]} {[%emt 00:00:28]}
Nd1+ {[%clk 00:29:30]} {[%emt 00:00:40]} 72. Ke2 {[%clk 00:01:01]} {[%emt
00:00:13]} Ne3 {[%clk 00:29:53]} {[%emt 00:00:07]} 73. Be6 {[%clk 00:01:03]}
{[%emt 00:00:27]} e4 {[%clk 00:30:10]} {[%emt 00:00:14]} 74. fxe4 {[%clk
00:01:23]} {[%emt 00:00:09]} Kxe4 {[%clk 00:30:37]} {[%emt 00:00:04]} 75. Kf2
{[%clk 00:01:14]} {[%emt 00:00:39]}  0-1

[Event "2nd Easter 4NCL Congress"]
[Site "Daventry"]
[Date "2022.04.15"]
[Round "1"]
[Board "5"]
[White "Han, Yichen"]
[Black "Sullivan, Daniel Js"]
[Result "1/2-1/2"]
[WhiteElo "2396"]
[BlackElo "2061"]
[PlyCount "0"]
[EventDate "2022.04.15"]
[EventRounds "7"]
[EventCountry "ENG"]

1. e4 {[%clk 01:30:55]} {[%emt 00:00:04]} c5 {[%clk 01:30:53]} {[%emt
00:00:07]} 2. Nf3 {[%clk 01:31:21]} {[%emt 00:00:04]} Nc6 {[%clk 01:31:16]}
{[%emt 00:00:07]} 3. d4 {[%clk 01:31:44]} {[%emt 00:00:08]} cxd4 {[%clk
01:31:38]} {[%emt 00:00:06]} 4. Nxd4 {[%clk 01:32:10]} {[%emt 00:00:05]} Nf6
{[%clk 01:32:00]} {[%emt 00:00:08]} 5. Nc3 {[%clk 01:32:34]} {[%emt 00:00:06]}
e5 {[%clk 01:32:21]} {[%emt 00:00:09]} 6. Ndb5 {[%clk 01:32:37]} {[%emt
00:00:27]} d6 {[%clk 01:32:41]} {[%emt 00:00:10]} 7. Bg5 {[%clk 01:33:01]}
{[%emt 00:00:06]} a6 {[%clk 01:33:03]} {[%emt 00:00:09]} 8. Na3 {[%clk
01:33:25]} {[%emt 00:00:06]} b5 {[%clk 01:33:28]} {[%emt 00:00:05]} 9. Bxf6
{[%clk 01:33:36]} {[%emt 00:00:19]} gxf6 {[%clk 01:33:51]} {[%emt 00:00:06]} 10.
Nd5 {[%clk 01:33:56]} {[%emt 00:00:10]} f5 {[%clk 01:34:02]} {[%emt 00:00:19]}
11. c3 {[%clk 01:33:17]} {[%emt 00:01:09]} Bg7 {[%clk 01:33:54]} {[%emt
00:00:38]} 12. exf5 {[%clk 01:33:39]} {[%emt 00:00:09]} Bxf5 {[%clk 01:34:01]}
{[%emt 00:00:23]} 13. Nc2 {[%clk 01:33:55]} {[%emt 00:00:14]} O-O {[%clk
01:33:52]} {[%emt 00:00:39]} 14. Nce3 {[%clk 01:34:19]} {[%emt 00:00:06]} Be6
{[%clk 01:34:10]} {[%emt 00:00:12]} 15. Bd3 {[%clk 01:34:36]} {[%emt 00:00:13]}
f5 {[%clk 01:33:59]} {[%emt 00:00:40]} 16. O-O {[%clk 01:34:49]} {[%emt
00:00:18]} Kh8 {[%clk 01:33:36]} {[%emt 00:00:53]} 17. Qh5 {[%clk 01:34:02]}
{[%emt 00:01:16]} e4 {[%clk 01:31:06]} {[%emt 00:03:00]} 18. Bc2 {[%clk
01:32:04]} {[%emt 00:02:28]} Ne7 {[%clk 01:25:52]} {[%emt 00:05:44]} 19. Rad1
{[%clk 01:14:50]} {[%emt 00:17:44]} Bf7 {[%clk 01:21:17]} {[%emt 00:05:05]} 20.
Qh3 {[%clk 01:13:16]} {[%emt 00:02:04]} Nxd5 {[%clk 01:18:59]} {[%emt
00:02:49]} 21. Nxd5 {[%clk 01:13:37]} {[%emt 00:00:08]} Qg5 {[%clk 01:17:49]}
{[%emt 00:01:40]} 22. Qe3 {[%clk 00:55:21]} {[%emt 00:18:47]} Qh4 {[%clk
01:14:25]} {[%emt 00:03:54]} 23. g3 {[%clk 00:50:34]} {[%emt 00:05:17]} Qh3
{[%clk 01:09:25]} {[%emt 00:05:29]} 24. Nf4 {[%clk 00:44:14]} {[%emt 00:06:50]}
Qh6 {[%clk 01:08:27]} {[%emt 00:01:27]} 25. Ng2 {[%clk 00:39:45]} {[%emt
00:05:01]} Qf6 {[%clk 00:59:36]} {[%emt 00:09:20]} 26. f4 {[%clk 00:32:10]}
{[%emt 00:08:05]} d5 {[%clk 00:56:50]} {[%emt 00:03:16]} 27. Bb3 {[%clk
00:27:54]} {[%emt 00:04:47]} Rad8 {[%clk 00:55:31]} {[%emt 00:01:48]} 28. Qc5
{[%clk 00:26:31]} {[%emt 00:01:54]} d4 {[%clk 00:51:52]} {[%emt 00:04:08]} 29.
Bxf7 {[%clk 00:23:12]} {[%emt 00:03:49]} Rxf7 {[%clk 00:50:35]} {[%emt
00:01:47]} 30. cxd4 {[%clk 00:23:06]} {[%emt 00:00:36]} Qxd4+ {[%clk 00:48:40]}
{[%emt 00:02:24]} 31. Qxd4 {[%clk 00:23:26]} {[%emt 00:00:12]} Bxd4+ {[%clk
00:45:44]} {[%emt 00:03:25]} 32. Kh1 {[%clk 00:23:27]} {[%emt 00:00:29]} Rfd7
{[%clk 00:45:18]} {[%emt 00:00:56]} 33. Nh4 {[%clk 00:15:39]} {[%emt 00:08:19]}
Rd5 {[%clk 00:44:09]} {[%emt 00:01:38]} 34. b3 {[%clk 00:10:37]} {[%emt
00:05:33]} Bf6 {[%clk 00:42:00]} {[%emt 00:02:38]} 35. Rxd5 {[%clk 00:10:46]}
{[%emt 00:00:22]} Rxd5 {[%clk 00:42:23]} {[%emt 00:00:07]} 36. Ng2 {[%clk
00:10:59]} {[%emt 00:00:16]} Rd3 {[%clk 00:39:00]} {[%emt 00:03:54]} 37. Rc1
{[%clk 00:09:40]} {[%emt 00:01:48]} Bc3 {[%clk 00:37:14]} {[%emt 00:02:16]} 38.
Kg1 {[%clk 00:06:49]} {[%emt 00:03:22]} Kg7 {[%clk 00:35:44]} {[%emt 00:01:59]}
39. Kf1 {[%clk 00:06:02]} {[%emt 00:01:17]} b4 {[%clk 00:32:20]} {[%emt
00:03:55]} 40. Rc2 {[%clk 00:05:25]} {[%emt 00:01:07]} Kf6 {[%clk 00:30:53]}
{[%emt 00:01:57]} 41. Ke2 {[%clk 00:05:35]} {[%emt 00:00:19]} Ke6 {[%clk
00:29:50]} {[%emt 00:01:33]} 42. Ne3 {[%clk 00:05:29]} {[%emt 00:00:36]} h5
{[%clk 00:27:47]} {[%emt 00:02:33]} 43. Ng2 {[%clk 00:04:19]} {[%emt 00:01:39]}
Kd5 {[%clk 00:27:30]} {[%emt 00:00:48]} 44. Ne3+ {[%clk 00:04:37]} {[%emt
00:00:12]} Ke6 {[%clk 00:27:54]} {[%emt 00:00:06]} 45. Ng2 {[%clk 00:05:00]}
{[%emt 00:00:07]} Kd5 {[%clk 00:28:20]} {[%emt 00:00:05]} 46. Ne3+ {[%clk
00:03:46]} {[%emt 00:01:44]} Ke6 {[%clk 00:26:58]} {[%emt 00:01:51]} 47. Ng2
{[%clk 00:03:37]} {[%emt 00:00:39]}  1/2-1/2

[Event "2nd Easter 4NCL Congress"]
[Site "Daventry"]
[Date "2022.04.15"]
[Round "1"]
[Board "6"]
[White "Shearsby, Jude"]
[Black "Turner, Max N"]
[Result "0-1"]
[WhiteElo "2053"]
[BlackElo "2366"]
[PlyCount "0"]
[EventDate "2022.04.15"]
[EventRounds "7"]
[EventCountry "ENG"]

1. e4 {[%clk 01:30:46]} {[%emt 00:00:13]} c5 {[%clk 01:30:40]} {[%emt
00:00:20]} 2. Nf3 {[%clk 01:30:55]} {[%emt 00:00:21]} e6 {[%clk 01:30:44]}
{[%emt 00:00:26]} 3. d3 {[%clk 01:31:13]} {[%emt 00:00:12]} Nc6 {[%clk
01:30:30]} {[%emt 00:00:44]} 4. g3 {[%clk 01:31:29]} {[%emt 00:00:14]} g6
{[%clk 01:30:32]} {[%emt 00:00:29]} 5. Bg2 {[%clk 01:31:40]} {[%emt 00:00:18]}
Bg7 {[%clk 01:30:41]} {[%emt 00:00:21]} 6. O-O {[%clk 01:31:30]} {[%emt
00:00:40]} d6 {[%clk 01:30:36]} {[%emt 00:00:35]} 7. c3 {[%clk 01:31:16]}
{[%emt 00:00:45]} e5 {[%clk 01:30:34]} {[%emt 00:00:31]} 8. Na3 {[%clk
01:30:43]} {[%emt 00:01:04]} Nge7 {[%clk 01:29:37]} {[%emt 00:01:26]} 9. Nc2
{[%clk 01:29:43]} {[%emt 00:01:31]} O-O {[%clk 01:29:01]} {[%emt 00:01:06]} 10.
a4 {[%clk 01:20:54]} {[%emt 00:09:19]} h6 {[%clk 01:27:19]} {[%emt 00:02:11]}
11. c4 {[%clk 01:17:19]} {[%emt 00:04:07]} f5 {[%clk 01:25:28]} {[%emt
00:02:20]} 12. Bd2 {[%clk 01:11:45]} {[%emt 00:06:03]} f4 {[%clk 01:21:56]}
{[%emt 00:04:03]} 13. Bc3 {[%clk 01:08:42]} {[%emt 00:03:32]} g5 {[%clk
01:20:14]} {[%emt 00:02:13]} 14. Nfe1 {[%clk 01:06:44]} {[%emt 00:02:27]} g4
{[%clk 01:16:46]} {[%emt 00:03:58]} 15. f3 {[%clk 01:03:16]} {[%emt 00:04:00]}
h5 {[%clk 01:15:24]} {[%emt 00:01:51]} 16. gxf4 {[%clk 00:59:57]} {[%emt
00:03:49]} exf4 {[%clk 01:09:29]} {[%emt 00:06:26]} 17. Bxg7 {[%clk 00:59:59]}
{[%emt 00:00:27]} Kxg7 {[%clk 01:09:43]} {[%emt 00:00:15]} 18. d4 {[%clk
00:59:05]} {[%emt 00:01:26]} Ng6 {[%clk 01:07:35]} {[%emt 00:02:38]} 19. dxc5
{[%clk 00:54:12]} {[%emt 00:05:23]} dxc5 {[%clk 01:01:10]} {[%emt 00:06:54]} 20.
Qxd8 {[%clk 00:54:01]} {[%emt 00:00:41]} Rxd8 {[%clk 01:01:24]} {[%emt
00:00:16]} 21. Na3 {[%clk 00:48:05]} {[%emt 00:06:27]} Be6 {[%clk 00:59:10]}
{[%emt 00:02:42]} 22. Rc1 {[%clk 00:46:57]} {[%emt 00:01:39]} Rd2 {[%clk
00:56:29]} {[%emt 00:03:12]} 23. Nb5 {[%clk 00:37:58]} {[%emt 00:09:29]} Rc8
{[%clk 00:53:11]} {[%emt 00:03:47]} 24. Rf2 {[%clk 00:36:13]} {[%emt 00:02:15]}
Rxf2 {[%clk 00:46:08]} {[%emt 00:07:34]} 25. Kxf2 {[%clk 00:36:30]} {[%emt
00:00:12]} Rd8 {[%clk 00:44:37]} {[%emt 00:02:00]} 26. Nc7 {[%clk 00:24:29]}
{[%emt 00:12:32]} Rd2+ {[%clk 00:44:18]} {[%emt 00:00:49]} 27. Kg1 {[%clk
00:23:55]} {[%emt 00:01:04]} Nd4 {[%clk 00:43:31]} {[%emt 00:01:17]} 28. Nxe6+
{[%clk 00:20:28]} {[%emt 00:03:58]} Nxe6 {[%clk 00:43:50]} {[%emt 00:00:10]} 29.
Rb1 {[%clk 00:16:00]} {[%emt 00:04:59]} a5 {[%clk 00:43:13]} {[%emt 00:01:07]}
30. h3 {[%clk 00:10:32]} {[%emt 00:05:58]} g3 {[%clk 00:43:19]} {[%emt
00:00:23]} 31. Rc1 {[%clk 00:09:51]} {[%emt 00:01:12]} Nd4 {[%clk 00:43:20]}
{[%emt 00:00:29]} 32. Kf1 {[%clk 00:10:02]} {[%emt 00:00:18]}  0-1

[Event "2nd Easter 4NCL Congress"]
[Site "Daventry"]
[Date "2022.04.15"]
[Round "1"]
[Board "7"]
[White "Bezuidenhout, Roland"]
[Black "Southcott-Moyers, Indy"]
[Result "1-0"]
[WhiteElo "2332"]
[BlackElo "2052"]
[PlyCount "0"]
[EventDate "2022.04.15"]
[EventRounds "7"]
[EventCountry "ENG"]

1. e4 {[%clk 01:30:28]} {[%emt 00:00:32]} e5 {[%clk 01:30:57]} {[%emt
00:00:04]} 2. Nf3 {[%clk 01:30:48]} {[%emt 00:00:09]} Nc6 {[%clk 01:31:21]}
{[%emt 00:00:06]} 3. Bb5 {[%clk 01:30:00]} {[%emt 00:01:19]} a6 {[%clk
01:31:32]} {[%emt 00:00:19]} 4. Ba4 {[%clk 01:30:20]} {[%emt 00:00:08]} Nf6
{[%clk 01:31:41]} {[%emt 00:00:22]} 5. O-O {[%clk 01:30:40]} {[%emt 00:00:10]}
Be7 {[%clk 01:31:59]} {[%emt 00:00:12]} 6. Bxc6 {[%clk 01:29:54]} {[%emt
00:01:16]} dxc6 {[%clk 01:29:14]} {[%emt 00:03:15]} 7. d3 {[%clk 01:30:17]}
{[%emt 00:00:07]} Bd6 {[%clk 01:18:53]} {[%emt 00:10:52]} 8. Nbd2 {[%clk
01:30:11]} {[%emt 00:00:35]} Be6 {[%clk 01:11:50]} {[%emt 00:07:33]} 9. b3
{[%clk 01:30:26]} {[%emt 00:00:15]} Nd7 {[%clk 01:10:00]} {[%emt 00:02:20]} 10.
Nc4 {[%clk 01:30:04]} {[%emt 00:00:53]} f6 {[%clk 01:04:50]} {[%emt 00:05:40]}
11. Ne3 {[%clk 01:29:47]} {[%emt 00:00:46]} Qe7 {[%clk 00:59:59]} {[%emt
00:05:21]} 12. Bd2 {[%clk 01:20:55]} {[%emt 00:09:22]} Bc5 {[%clk 00:52:00]}
{[%emt 00:08:29]} 13. h3 {[%clk 01:18:19]} {[%emt 00:03:05]} O-O-O {[%clk
00:46:55]} {[%emt 00:05:36]} 14. Rb1 {[%clk 01:17:32]} {[%emt 00:01:17]} g5
{[%clk 00:39:10]} {[%emt 00:08:14]} 15. Nf5 {[%clk 01:16:19]} {[%emt 00:01:43]}
Bxf5 {[%clk 00:36:55]} {[%emt 00:02:46]} 16. exf5 {[%clk 01:16:42]} {[%emt
00:00:06]} Rdg8 {[%clk 00:33:57]} {[%emt 00:03:29]} 17. b4 {[%clk 01:15:33]}
{[%emt 00:01:39]} Ba7 {[%clk 00:33:51]} {[%emt 00:00:36]} 18. Re1 {[%clk
01:08:22]} {[%emt 00:07:41]} h5 {[%clk 00:25:02]} {[%emt 00:09:19]} 19. Qe2
{[%clk 00:51:04]} {[%emt 00:17:48]} g4 {[%clk 00:19:11]} {[%emt 00:06:22]} 20.
Nh4 {[%clk 00:51:26]} {[%emt 00:00:07]} Qg7 {[%clk 00:16:08]} {[%emt 00:03:34]}
21. Be3 {[%clk 00:49:47]} {[%emt 00:02:08]} Bxe3 {[%clk 00:13:27]} {[%emt
00:03:11]} 22. Qxe3 {[%clk 00:50:10]} {[%emt 00:00:07]} gxh3 {[%clk 00:12:32]}
{[%emt 00:01:25]} 23. Qxh3 {[%clk 00:49:12]} {[%emt 00:01:27]} Qg4 {[%clk
00:10:50]} {[%emt 00:02:13]} 24. Re3 {[%clk 00:47:46]} {[%emt 00:01:55]} Nf8
{[%clk 00:10:10]} {[%emt 00:01:10]} 25. Qxg4 {[%clk 00:41:17]} {[%emt
00:07:00]} Rxg4 {[%clk 00:07:46]} {[%emt 00:02:54]} 26. g3 {[%clk 00:40:55]}
{[%emt 00:00:52]} Rh7 {[%clk 00:07:32]} {[%emt 00:00:44]} 27. Kh2 {[%clk
00:37:13]} {[%emt 00:04:11]} Rhg7 {[%clk 00:06:51]} {[%emt 00:01:12]} 28. c3
{[%clk 00:34:48]} {[%emt 00:02:55]} Kd8 {[%clk 00:06:46]} {[%emt 00:00:36]} 29.
Rbe1 {[%clk 00:35:05]} {[%emt 00:00:11]} Nd7 {[%clk 00:04:35]} {[%emt
00:02:41]} 30. d4 {[%clk 00:34:15]} {[%emt 00:01:20]} Rg8 {[%clk 00:04:24]}
{[%emt 00:00:41]} 31. Nf3 {[%clk 00:22:05]} {[%emt 00:12:40]} exd4 {[%clk
00:04:01]} {[%emt 00:00:55]} 32. Nxd4 {[%clk 00:22:26]} {[%emt 00:00:08]} Nb6
{[%clk 00:02:32]} {[%emt 00:02:00]} 33. Ne6+ {[%clk 00:22:01]} {[%emt
00:00:54]} Kc8 {[%clk 00:02:50]} {[%emt 00:00:12]} 34. Nc5 {[%clk 00:22:02]}
{[%emt 00:00:28]} Kb8 {[%clk 00:02:54]} {[%emt 00:00:26]} 35. a4 {[%clk
00:20:22]} {[%emt 00:02:11]} h4 {[%clk 00:02:20]} {[%emt 00:01:04]} 36. Re8+
{[%clk 00:17:01]} {[%emt 00:03:51]} Rxe8 {[%clk 00:02:36]} {[%emt 00:00:14]} 37.
Rxe8+ {[%clk 00:17:25]} {[%emt 00:00:06]} Ka7 {[%clk 00:02:55]} {[%emt
00:00:11]} 38. Re4 {[%clk 00:12:28]} {[%emt 00:05:26]} hxg3+ {[%clk 00:03:05]}
{[%emt 00:00:21]} 39. fxg3 {[%clk 00:12:52]} {[%emt 00:00:05]} Rxe4 {[%clk
00:02:52]} {[%emt 00:00:44]} 40. Nxe4 {[%clk 00:13:15]} {[%emt 00:00:07]} Nd5
{[%clk 00:02:41]} {[%emt 00:00:41]} 41. g4 {[%clk 00:12:25]} {[%emt 00:01:20]}
a5 {[%clk 00:02:50]} {[%emt 00:00:21]} 42. bxa5 {[%clk 00:09:42]} {[%emt
00:03:12]} Ka6 {[%clk 00:03:07]} {[%emt 00:00:13]} 43. Kg3 {[%clk 00:09:37]}
{[%emt 00:00:35]} Kxa5 {[%clk 00:03:16]} {[%emt 00:00:23]} 44. c4 {[%clk
00:09:55]} {[%emt 00:00:10]} Ne7 {[%clk 00:03:29]} {[%emt 00:00:17]} 45. Nxf6
{[%clk 00:08:52]} {[%emt 00:01:33]} Kxa4 {[%clk 00:03:41]} {[%emt 00:00:20]} 46.
Ne8 {[%clk 00:07:54]} {[%emt 00:01:27]} b5 {[%clk 00:04:01]} {[%emt 00:00:11]}
47. f6 {[%clk 00:08:17]} {[%emt 00:00:05]} Ng6 {[%clk 00:04:24]} {[%emt
00:00:07]} 48. cxb5 {[%clk 00:08:40]} {[%emt 00:00:07]} cxb5 {[%clk 00:04:39]}
{[%emt 00:00:15]} 49. Nxc7 {[%clk 00:09:05]} {[%emt 00:00:06]} b4 {[%clk
00:04:58]} {[%emt 00:00:11]} 50. Ne6 {[%clk 00:09:00]} {[%emt 00:00:34]} Kb5
{[%clk 00:05:16]} {[%emt 00:00:12]} 51. Nf4 {[%clk 00:08:16]} {[%emt 00:01:14]}
b3 {[%clk 00:05:18]} {[%emt 00:00:30]} 52. Nxg6 {[%clk 00:07:23]} {[%emt
00:01:22]} b2 {[%clk 00:05:41]} {[%emt 00:00:07]} 53. f7 {[%clk 00:07:48]}
{[%emt 00:00:05]} b1=Q {[%clk 00:06:01]} {[%emt 00:00:09]} 54. f8=Q {[%clk
00:08:11]} {[%emt 00:00:08]} Qxg6 {[%clk 00:06:08]} {[%emt 00:00:23]} 55. Qf5+
{[%clk 00:08:25]} {[%emt 00:00:15]} Qxf5 {[%clk 00:06:29]} {[%emt 00:00:10]} 56.
gxf5 {[%clk 00:08:51]} {[%emt 00:00:04]} Kc6 {[%clk 00:06:45]} {[%emt
00:00:14]} 57. Kf4 {[%clk 00:09:16]} {[%emt 00:00:04]} Kd7 {[%clk 00:07:03]}
{[%emt 00:00:13]} 58. Kg5 {[%clk 00:09:40]} {[%emt 00:00:05]} Ke7 {[%clk
00:07:17]} {[%emt 00:00:17]} 59. Kg6 {[%clk 00:10:04]} {[%emt 00:00:06]} Kf8
{[%clk 00:07:36]} {[%emt 00:00:11]} 60. Kf6 {[%clk 00:10:19]} {[%emt 00:00:15]}
 1-0